000 00387 a2200169 4500
001 184419
020 _a978-85-16-08568-1
040 _cMagnum
100 _aBandeira, Pedro
240 1 0 _aO dinossauro que fazia au-au
_lpor
245 1 0 _aO dinossauro que fazia au-au
300 _a104
362 0 _a2013
440 1 _aModerna
697 _aLITERATURA INFANTO-JUVENIL
942 _cBK
999 _c184419
_d184419